[Event "zonal 1.9 (w)"]
[Site "Alushta UKR"]
[Date "1999.??.??"]
[Round "?"]
[White "Kalinina, Vladislava"]
[Black "Shliahtich, Galina"]
[Result "1-0"]
[WhiteElo "2199"]
[BlackElo "2277"]
[EventDate "1999.04.27"]
[PlyCount "139"]

1.e4 c5 2.Nf3 d6 3.d4 cxd4 4.Qxd4 Nf6 5.Bg5 Nc6 6.Bb5 e6 7.Nc3 Bd7 8.Bxc6 
Bxc6 9.O-O-O Be7 10.Rhe1 O-O 11.Qd2 Qb8 12.Nd4 Re8 13.f4 h6 14.Bxf6 Bxf6 
15.Kb1 b5 16.Qd3 Bd7 17.e5 dxe5 18.Nf3 Bc6 19.fxe5 Bxf3 20.Qxf3 Bxe5 21.
Rd7 Bf6 22.Rb7 Qxh2 23.Nxb5 Rab8 24.c3 Rxb7 25.Qxb7 Rb8 26.Qc6 Qg3 27.Rd1 
Qg6+ 28.Ka1 Rb6 29.Qa8+ Kh7 30.Nd4 e5 31.Nb3 Qg4 32.Qd5 Be7 33.Rb1 Re6 34.
Nd2 e4 35.Re1 e3 36.Qd3+ g6 37.Rxe3 Rd6 38.Qe2 Qf4 39.Rd3 Re6 40.Qd1 Qf2 
41.Rf3 Re1 42.Rxf7+ Qxf7 43.Qxe1 Bg5 44.Nf3 Bf4 45.Qe4 Bc7 46.Kb1 Qd7 47.
Kc2 Qf7 48.b3 Bd6 49.Kd3 Bc7 50.c4 a5 51.Qd5 Qf4 52.c5 h5 53.Qe6 Qg3 54.
Qf6 Bf4 55.c6 Kg8 56.Qh4 Qxh4 57.Nxh4 Kf7 58.Ke4 Bc7 59.a3 Ke6 60.Nxg6 Kd6
61.Nf4 Kxc6 62.Nxh5 Bd6 63.a4 Kc5 64.Kd3 Kb4 65.Kc2 Be5 66.g4 Kc5 67.g5 
Kd6 68.g6 Ke6 69.g7 Kf7 70.Kd3 1-0

[Event "zonal 1.9 (w)"]
[Site "Alushta UKR"]
[Date "1999.??.??"]
[Round "?"]
[White "Kalinina, Vladislava"]
[Black "Vasylevych, Tatiana"]
[Result "0-1"]
[WhiteElo "2199"]
[BlackElo "2395"]
[EventDate "1999.04.27"]
[PlyCount "102"]

1.e4 c5 2.Nf3 e6 3.d4 cxd4 4.Nxd4 Nf6 5.Nc3 d6 6.g3 Nc6 7.Bg2 Bd7 8.Nb3 
Be7 9.O-O O-O 10.f4 b5 11.a3 a5 12.Be3 a4 13.Nd2 Rb8 14.g4 d5 15.e5 d4 16.
exf6 gxf6 17.Bf2 dxc3 18.bxc3 Qc7 19.Ne4 h6 20.Bh4 Kg7 21.f5 exf5 22.gxf5 
Ne5 23.Qe1 Rg8 24.Qg3+ Kh7 25.Qh3 Bc6 26.Rae1 Rg4 27.Bg3 Rbg8 28.Rf4 Qb7 
29.Kh1 R8g7 30.Rxg4 Nxg4 31.Bf3 Bd6 32.Qg2 Bxg3 33.hxg3 Kh8 34.Nxf6 Nxf6 
35.Bxc6 Qc7 36.Re3 Qd6 37.c4 bxc4 38.Bxa4 Rg5 39.c3 Qxa3 40.Bd1 Qc1 41.Qf3
Qb1 42.Re1 Rxf5 43.Qe3 Qb7+ 44.Kg1 Kg7 45.g4 Rg5 46.Qd4 Qc7 47.Kg2 Rd5 48.
Qf2 Qd7 49.Bf3 Nxg4 50.Qh4 Rg5 51.Kh1 Nf2+ 0-1

[Event "zonal 1.9 (w)"]
[Site "Alushta UKR"]
[Date "1999.??.??"]
[Round "?"]
[White "Karlovich, Anastasia"]
[Black "Abramchuk, Klavdia"]
[Result "1/2-1/2"]
[WhiteElo "2246"]
[BlackElo "2170"]
[EventDate "1999.04.27"]
[PlyCount "67"]

1.e4 d6 2.d4 Nf6 3.Bd3 Nc6 4.c3 e5 5.Nf3 g6 6.O-O Bg7 7.Nbd2 O-O 8.dxe5 
dxe5 9.Nc4 Nh5 10.Re1 Kh8 11.b4 a6 12.Be3 Nf4 13.Bf1 Bg4 14.Qxd8 Raxd8 15.
Bc5 Rfe8 16.Ng5 Be6 17.Red1 h6 18.Nxe6 Nxe6 19.Be3 Rxd1 20.Rxd1 Rd8 21.
Rxd8+ Ncxd8 22.f3 Kg8 23.Kf2 Kf8 24.Bc1 Ke8 25.a4 Kd7 26.g3 f6 27.Ne3 Nf7 
28.h4 h5 29.Nd5 c6 30.Nb6+ Kc7 31.Nc4 Bh6 32.Bxh6 Nxh6 33.Bh3 Ng7 34.Ke3 
1/2-1/2

[Event "zonal 1.9 (w)"]
[Site "Alushta UKR"]
[Date "1999.??.??"]
[Round "?"]
[White "Karlovich, Anastasia"]
[Black "Kalinina, Larisa"]
[Result "1/2-1/2"]
[WhiteElo "2246"]
[BlackElo "2235"]
[EventDate "1999.04.27"]
[PlyCount "93"]

1.e4 c5 2.Nf3 d6 3.c3 Nf6 4.Bc4 Nc6 5.Qe2 Bg4 6.h3 Bxf3 7.Qxf3 g6 8.O-O 
Bg7 9.Bb3 O-O 10.d3 b5 11.Rd1 e6 12.Be3 a5 13.a4 b4 14.d4 cxd4 15.cxd4 d5 
16.Nd2 dxe4 17.Nxe4 Nxe4 18.Qxe4 Ne7 19.Bg5 Ra7 20.d5 Qa8 21.Bxe7 Rxe7 22.
Qh4 Ree8 23.dxe6 fxe6 24.Rd2 Qb8 25.Qg5 Qb6 26.Qb5 Bd4 27.Qxb6 Bxb6 28.Re1
Rf6 29.Ree2 Kg7 30.Rd6 e5 31.Rxf6 Kxf6 32.Rc2 Bd4 33.Bd5 Kg5 34.Bf3 e4 35.
Re2 Bxb2 36.Rxe4 Rxe4 37.Bxe4 Kf4 38.Bd5 Ke5 39.Bg8 h6 40.Kf1 Kd4 41.Ke2 
Kc3 42.Kd1 b3 43.Bf7 Kb4 44.Be8 g5 45.Kd2 Bd4 46.Kc1 Bxf2 47.Kb1 1/2-1/2

[Event "zonal 1.9 (w)"]
[Site "Alushta UKR"]
[Date "1999.??.??"]
[Round "?"]
[White "Karlovich, Anastasia"]
[Black "Kostiuk, Tatiana"]
[Result "1-0"]
[WhiteElo "2246"]
[BlackElo "2175"]
[EventDate "1999.04.27"]
[PlyCount "71"]

1.e4 Nf6 2.e5 Nd5 3.c4 Nb6 4.d4 d6 5.f4 dxe5 6.fxe5 Nc6 7.Be3 Bf5 8.Nc3 e6
9.Nf3 Be7 10.d5 exd5 11.cxd5 Nb4 12.Nd4 Bd7 13.e6 fxe6 14.dxe6 Bc6 15.Qg4 
Bh4+ 16.g3 Bxh1 17.O-O-O Qf6 18.gxh4 O-O 19.Bb5 Qe5 20.Bg5 c5 21.e7 cxd4 
22.exf8=Q+ Rxf8 23.Rxh1 dxc3 24.Qxb4 cxb2+ 25.Kb1 Nd5 26.Qc4 Rf2 27.Qc8+ 
Rf8 28.Qc4 Kh8 29.Bd2 a6 30.Re1 Qd6 31.Re8 Rxe8 32.Bxe8 Nf6 33.Qe2 Ne4 34.
Be1 Qe5 35.Bh5 g6 36.Bf3 1-0

[Event "zonal 1.9 (w)"]
[Site "Alushta UKR"]
[Date "1999.??.??"]
[Round "?"]
[White "Karlovich, Anastasia"]
[Black "Lymar, Irina"]
[Result "1/2-1/2"]
[WhiteElo "2246"]
[BlackElo "2305"]
[EventDate "1999.04.27"]
[PlyCount "29"]

1.d4 d5 2.Nf3 Nf6 3.Bf4 Bf5 4.e3 e6 5.h3 Bd6 6.Bxd6 Qxd6 7.c3 O-O 8.Bd3 
Bxd3 9.Qxd3 c5 10.O-O cxd4 11.cxd4 Nc6 12.Nc3 Rac8 13.Rac1 Qe7 14.Rfd1 
Rfd8 15.Qe2 1/2-1/2

[Event "zonal 1.9 (w)"]
[Site "Alushta UKR"]
[Date "1999.??.??"]
[Round "?"]
[White "Kononenko, Tatiana"]
[Black "Kalinina, Vladislava"]
[Result "1/2-1/2"]
[WhiteElo "2295"]
[BlackElo "2199"]
[EventDate "1999.04.27"]
[PlyCount "109"]

1.c4 Nf6 2.Nc3 e6 3.g3 d5 4.d4 Bb4 5.Nf3 Ne4 6.Qc2 c5 7.Bg2 Qa5 8.Bd2 Nxd2
9.Qxd2 dxc4 10.Ne5 Qa6 11.O-O f6 12.Nf3 cxd4 13.Nxd4 Bd7 14.Qe3 O-O 15.Qe4
Bxc3 16.bxc3 Nc6 17.Rfd1 Rf7 18.Nxe6 Re8 19.Nc7 Rxe4 20.Nxa6 Re5 21.f4 Ra5
22.Nc7 Kf8 23.Rd2 Bc8 24.Nd5 Ra3 25.Rc1 Rd7 26.Rb2 Ne7 27.Ne3 Rc7 28.Kf2 
b6 29.g4 g6 30.h4 Rc5 31.Rd2 Kf7 32.g5 Nf5 33.Nxf5 Bxf5 34.e4 Be6 35.gxf6 
Kxf6 36.Bf3 Rca5 37.Rcc2 Ke7 38.Be2 Rc5 39.Rd4 b5 40.Rd1 a5 41.Rb1 Bd7 42.
Rg1 Be6 43.Rb1 Bd7 44.Ke3 Rc8 45.Kd4 Rf8 46.Rf1 Bc6 47.f5 gxf5 48.Rxf5 
Rxf5 49.exf5 Kf6 50.Bg4 Be8 51.h5 h6 52.Rb2 Kg5 53.Rg2 Kf6 54.Rb2 Kg5 55.
Rg2 1/2-1/2

[Event "zonal 1.9 (w)"]
[Site "Alushta UKR"]
[Date "1999.??.??"]
[Round "?"]
[White "Kononenko, Tatiana"]
[Black "Litinskaya, Marta"]
[Result "1/2-1/2"]
[WhiteElo "2295"]
[BlackElo "2383"]
[EventDate "1999.04.27"]
[PlyCount "108"]

1.c4 Nf6 2.g3 c5 3.Bg2 Nc6 4.Nc3 e6 5.Nf3 d5 6.cxd5 exd5 7.d4 Be7 8.dxc5 
Bxc5 9.O-O O-O 10.b3 Be6 11.Bb2 a6 12.Na4 Ba7 13.Rc1 Qe7 14.Nd4 Nxd4 15.
Bxd4 Bxd4 16.Qxd4 Rac8 17.Nc5 Rc6 18.Rc3 Rfc8 19.Rfc1 a5 20.h3 h6 21.e3 b6
22.Na4 Rxc3 23.Rxc3 Rxc3 24.Qxc3 b5 25.Qc5 Qxc5 26.Nxc5 b4 27.Nb7 Bf5 28.
Nxa5 Bb1 29.Nc6 Bxa2 30.Ne7+ Kf8 31.Nxd5 Bxb3 32.Nxb4 Ke7 33.Nc6+ Kd6 34.
Nd4 Be6 35.Nxe6 Kxe6 36.Kf1 Nd7 37.g4 g5 38.Be4 Nc5 39.Bf5+ Ke5 40.Bc2 f6 
41.Kg2 Na6 42.Kg3 Nc5 43.h4 Ne6 44.h5 Nc5 45.Kf3 Nb7 46.Ke2 Nd6 47.f3 Ke6 
48.f4 gxf4 49.exf4 Ke7 50.Ke3 Ke6 51.Bb3+ Ke7 52.Kd4 Nb5+ 53.Kd5 Nd6 54.
Bc2 Nf7 1/2-1/2

[Event "zonal 1.9 (w)"]
[Site "Alushta UKR"]
[Date "1999.??.??"]
[Round "?"]
[White "Kononenko, Tatiana"]
[Black "Kiseleva, Natalia"]
[Result "1-0"]
[WhiteElo "2295"]
[BlackElo "2316"]
[EventDate "1999.04.27"]
[PlyCount "119"]

1.c4 Nf6 2.Nc3 g6 3.g3 Bg7 4.Bg2 O-O 5.d3 d6 6.e3 e5 7.Nge2 Nc6 8.O-O Be6 
9.Nd5 Rb8 10.Rb1 Ne7 11.e4 c6 12.Nxf6+ Bxf6 13.b3 d5 14.Qc2 Bg7 15.Ba3 d4 
16.f4 f6 17.fxe5 fxe5 18.Rxf8+ Qxf8 19.Qd2 Qe8 20.Qa5 Nc8 21.Qc7 Nb6 22.
Be7 Qc8 23.Qd6 Na8 24.Kh1 Nc7 25.Qa3 a6 26.Ng1 Qd7 27.Nf3 Re8 28.Bd6 Bg4 
29.Rf1 Bxf3 30.Rxf3 Rd8 31.Bc5 Re8 32.h4 Ne6 33.Bh3 Qd8 34.Bb4 h5 35.Kh2 
g5 36.hxg5 Nxg5 37.Rf5 Nxh3 38.Kxh3 Re6 39.Bd2 Rg6 40.Rxh5 Rf6 41.Rf5 Rxf5
42.exf5 e4 43.dxe4 Qe8 44.Kg4 Qxe4+ 45.Bf4 Bf8 46.Qa5 d3 47.Qd8 Kf7 48.
Qd7+ Be7 49.Qe6+ Qxe6 50.fxe6+ Kxe6 51.Kf3 Bb4 52.Ke3 d2 53.Ke2 Kf5 54.
Bxd2 Bd6 55.Kf3 Bxg3 56.Kxg3 Ke4 57.Ba5 b5 58.c5 Kd4 59.b4 Kc3 60.Kf4 1-0

[Event "zonal 1.9 (w)"]
[Site "Alushta UKR"]
[Date "1999.??.??"]
[Round "?"]
[White "Kononenko, Tatiana"]
[Black "Vasylevych, Tatiana"]
[Result "1-0"]
[WhiteElo "2295"]
[BlackElo "2395"]
[EventDate "1999.04.27"]
[PlyCount "71"]

1.c4 Nf6 2.g3 e6 3.Nf3 a6 4.Bg2 b5 5.b3 c5 6.O-O Bb7 7.Bb2 Be7 8.d3 O-O 9.
Nbd2 d5 10.Qc2 Nbd7 11.e4 Nb6 12.cxd5 exd5 13.Nh4 Re8 14.h3 Rc8 15.Rad1 g6
16.Qb1 Nfd7 17.Nhf3 c4 18.dxc4 bxc4 19.bxc4 dxc4 20.Rc1 Bb4 21.Bd4 a5 22.
e5 Bxd2 23.Nxd2 Bxg2 24.Kxg2 Nc5 25.Nf3 Nca4 26.Rfd1 Qc7 27.Kh2 c3 28.Qe4 
Qc6 29.Qf4 Nd5 30.Qh6 f6 31.exf6 Nxf6 32.Ne5 Rxe5 33.Bxe5 Qf3 34.Rd7 Qxf2+
35.Kh1 Qf3+ 36.Kg1 1-0

[Event "zonal 1.9 (w)"]
[Site "Alushta UKR"]
[Date "1999.??.??"]
[Round "?"]
[White "Kostiuk, Tatiana"]
[Black "Dubinka, Inna"]
[Result "0-1"]
[WhiteElo "2175"]
[BlackElo "2340"]
[EventDate "1999.04.27"]
[PlyCount "62"]

1.d4 Nf6 2.c4 e6 3.Nf3 Bb4+ 4.Bd2 a5 5.a3 Be7 6.Nc3 d5 7.Bg5 O-O 8.e3 b6 
9.cxd5 Nxd5 10.Bxe7 Qxe7 11.Nxd5 exd5 12.Bd3 Bg4 13.O-O Nd7 14.Rc1 c5 15.
dxc5 bxc5 16.h3 Be6 17.Qc2 h6 18.Bb5 Rfc8 19.Rfd1 Nf6 20.Qa4 Qb7 21.Rd2 
Ne4 22.Rdc2 c4 23.Nd4 Nc5 24.Bc6 Qa7 25.Qb5 Rab8 26.Bb7 Qxb7 27.Qxa5 Nb3 
28.Nxb3 Qxb3 29.Rd2 Ra8 30.Qc3 Qxc3 31.Rxc3 Rcb8 0-1

[Event "zonal 1.9 (w)"]
[Site "Alushta UKR"]
[Date "1999.??.??"]
[Round "?"]
[White "Kostiuk, Tatiana"]
[Black "Litinskaya, Marta"]
[Result "1-0"]
[WhiteElo "2175"]
[BlackElo "2383"]
[EventDate "1999.04.27"]
[PlyCount "99"]

1.d4 Nf6 2.Nf3 e6 3.g3 b6 4.Bg2 Bb7 5.O-O c5 6.c4 cxd4 7.Nxd4 Bxg2 8.Kxg2 
Qc8 9.b3 d6 10.Bb2 Nbd7 11.Nc3 Qb7+ 12.f3 a6 13.e4 Be7 14.Qd2 h5 15.Rad1 
Ne5 16.Qe2 g5 17.Bc1 Rg8 18.Ba3 O-O-O 19.Rd2 h4 20.Nc2 hxg3 21.hxg3 g4 22.
f4 Nf3 23.Rdd1 Rh8 24.Rh1 Nd7 25.Kf2 Bf6 26.Na4 Nc5 27.Nxc5 dxc5 28.Rxd8+ 
Rxd8 29.Bc1 Bd4+ 30.Nxd4 cxd4 31.Bb2 f6 32.Qd3 f5 33.exf5 Ne5 34.Qd1 Nd3+ 
35.Qxd3 Qxh1 36.Bxd4 Qa1 37.Bxa1 Rxd3 38.fxe6 Kd8 39.Bf6+ Ke8 40.Bh4 Rf3+ 
41.Ke2 Kf8 42.Kd2 Rf2+ 43.Ke3 Rxa2 44.f5 Rb2 45.Kf4 Rxb3 46.Kg5 Re3 47.Kg6
a5 48.e7+ Ke8 49.f6 Rf3 50.Bg5 1-0

[Event "zonal 1.9 (w)"]
[Site "Alushta UKR"]
[Date "1999.??.??"]
[Round "?"]
[White "Kostiuk, Tatiana"]
[Black "Matiushina, Zoya"]
[Result "1-0"]
[WhiteElo "2175"]
[BlackElo "2214"]
[EventDate "1999.04.27"]
[PlyCount "78"]

1.d4 Nf6 2.Nf3 g6 3.g3 Bg7 4.Bg2 O-O 5.c4 d6 6.Nc3 Nbd7 7.O-O e5 8.e4 h6 
9.Re1 Nh7 10.Be3 Ng5 11.Nxg5 hxg5 12.d5 f5 13.f3 Bh6 14.g4 a5 15.h3 Nc5 
16.b3 Bd7 17.Qc2 c6 18.Rad1 Qf6 19.Rd2 Na6 20.dxc6 Bxc6 21.Red1 Rfd8 22.
Bb6 fxg4 23.Bxd8 Rxd8 24.fxg4 Bf8 25.Nd5 Bxd5 26.cxd5 Qg7 27.Qc3 b6 28.Rc1
Qa7 29.Qe3 Be7 30.a3 Nc7 31.Bf1 Rb8 32.Rdc2 Na6 33.Rc8+ Rxc8 34.Rxc8+ Kg7 
35.Rc6 Nb8 36.Rc8 Qb7 37.Qc3 b5 38.Qc7 Qxc7 39.Rxc7 Kf8 1-0

[Event "zonal 1.9 (w)"]
[Site "Alushta UKR"]
[Date "1999.??.??"]
[Round "?"]
[White "Kostiuk, Tatiana"]
[Black "Kiseleva, Natalia"]
[Result "1/2-1/2"]
[WhiteElo "2175"]
[BlackElo "2316"]
[EventDate "1999.04.27"]
[PlyCount "111"]

1.d4 Nf6 2.Nf3 g6 3.g3 Bg7 4.Bg2 O-O 5.c4 d6 6.Nc3 Nc6 7.O-O a6 8.e4 e5 9.
d5 Ne7 10.Ne1 Nd7 11.Nd3 h6 12.Be3 f5 13.f3 g5 14.c5 f4 15.Bf2 Ng6 16.cxd6
cxd6 17.Rc1 h5 18.Qc2 g4 19.Ne2 Qg5 20.Kh1 fxg3 21.Nxg3 gxf3 22.Bh3 Nc5 
23.Bxc8 Raxc8 24.Bxc5 dxc5 25.Nf5 Rxf5 26.exf5 e4 27.fxg6 exd3 28.Qf2 Rf8 
29.Rg1 Qxd5 30.Qxc5 Qxc5 31.Rxc5 Bd4 32.Rd5 Bxg1 33.Kxg1 f2+ 34.Kf1 Rf3 
35.Rd7 b5 36.b4 Rh3 37.Kxf2 Rxh2+ 38.Kg3 Rxa2 39.Rxd3 Ra4 40.Rd6 Rxb4 41.
Rxa6 Kg7 42.Rb6 Rg4+ 43.Kh3 b4 44.Kh2 Kh6 45.Kh3 Rc4 46.Kh2 Rc2+ 47.Kg3 
Rb2 48.Kh3 Rb1 49.Kg3 b3 50.Kh3 h4 51.Kh2 Kg7 52.Kg2 b2 53.Kh2 h3 54.Rb7+ 
Kxg6 55.Rb6+ Kg5 56.Rb8 1/2-1/2

[Event "zonal 1.9 (w)"]
[Site "Alushta UKR"]
[Date "1999.??.??"]
[Round "?"]
[White "Litinskaya, Marta"]
[Black "Kalinina, Larisa"]
[Result "1/2-1/2"]
[WhiteElo "2383"]
[BlackElo "2235"]
[EventDate "1999.04.27"]
[PlyCount "120"]

1.d4 Nf6 2.c4 d6 3.Nc3 Nbd7 4.Nf3 g6 5.g3 Bg7 6.Bg2 O-O 7.O-O e5 8.h3 c6 
9.e4 exd4 10.Nxd4 Qb6 11.b3 Nxe4 12.Nxe4 Bxd4 13.Nxd6 Bxa1 14.Nxc8 Raxc8 
15.Be3 Qc7 16.Qxa1 f6 17.h4 Rce8 18.Qd4 Ne5 19.Bh6 Rf7 20.Qxa7 Rd7 21.Bf4 
Rdd8 22.a4 Qd7 23.Qb6 Ra8 24.Qb4 Qe7 25.Qc3 Rad8 26.a5 Nd3 27.Be3 Qe5 28.
Qxe5 Nxe5 29.Rc1 Rd3 30.b4 Red8 31.Bf1 Rd1 32.Rxd1 Rxd1 33.Kg2 Kf7 34.b5 
Ra1 35.Bb6 Ra4 36.c5 cxb5 37.Bxb5 Rb4 38.Be2 Ke6 39.f4 Nc6 40.Bg4+ f5 41.
Bf3 Ra4 42.h5 Nxa5 43.hxg6 hxg6 44.Bxa5 Rxa5 45.Bxb7 Rxc5 46.Kf3 Rc3+ 47.
Kf2 Kf6 48.Bf3 g5 49.fxg5+ Kxg5 50.Ke2 Kf6 51.Kf2 Ke5 52.Bb7 Kd4 53.Ba8 
Rc7 54.Kf3 Ke5 55.Kf2 Rh7 56.Bc6 Rh2+ 57.Kf3 Rh3 58.Kf2 Rh2+ 59.Ke3 Kd6 
60.Bf3 Ke5 1/2-1/2

[Event "zonal 1.9 (w)"]
[Site "Alushta UKR"]
[Date "1999.??.??"]
[Round "?"]
[White "Litinskaya, Marta"]
[Black "Melamed, Tatiana"]
[Result "1/2-1/2"]
[WhiteElo "2383"]
[BlackElo "2328"]
[EventDate "1999.04.27"]
[PlyCount "118"]

1.d4 Nf6 2.c4 c5 3.d5 b5 4.cxb5 a6 5.bxa6 g6 6.Nc3 Bxa6 7.Nf3 Bg7 8.g3 d6 
9.Bg2 Nbd7 10.O-O Nb6 11.Ne1 O-O 12.Nc2 Nfd7 13.Ne3 Nc4 14.Qc2 Qa5 15.Nxc4
Bxc4 16.Bd2 Rfb8 17.Rfe1 Ba6 18.Rab1 c4 19.Red1 Nc5 20.Be3 Bc8 21.Bd4 Bf5 
22.e4 Bg4 23.f3 Bd7 24.Bxg7 Kxg7 25.Bf1 Na4 26.Qf2 Nxb2 27.Rxb2 Qxc3 28.
Rc2 Qf6 29.Bxc4 Ba4 30.Bb3 Bxb3 31.axb3 Rxb3 32.Kg2 Raa3 33.f4 h5 34.Qd4 
Re3 35.Qxf6+ Kxf6 36.Rd4 Ra1 37.Rb4 Rae1 38.Kf2 Rxe4 39.Rxe4 Rxe4 40.Rd2 
Ra4 41.Kf3 Kf5 42.Rd3 g5 43.fxg5 Kxg5 44.Re3 Kf6 45.Rd3 Ra2 46.h3 Ra1 47.
h4 Ra4 48.Rb3 Rd4 49.Rb5 Rc4 50.Rb7 Rc5 51.Ke4 Rc3 52.Kf4 Rc4+ 53.Kf3 Rd4 
54.Rb5 Kf5 55.Rb7 Re4 56.Rb3 Ke5 57.Rb7 Kf5 58.Rb3 Rd4 59.Rb7 Kf6 1/2-1/2

[Event "zonal 1.9 (w)"]
[Site "Alushta UKR"]
[Date "1999.??.??"]
[Round "?"]
[White "Litinskaya, Marta"]
[Black "Zozulia, Anna"]
[Result "1-0"]
[WhiteElo "2383"]
[BlackElo "2327"]
[EventDate "1999.04.27"]
[PlyCount "81"]

1.d4 Nf6 2.c4 g6 3.Nf3 Bg7 4.g3 O-O 5.Bg2 d6 6.O-O c6 7.Nc3 Bf5 8.Ne1 Qc8 
9.e4 Bh3 10.f3 Bxg2 11.Kxg2 Nbd7 12.Nc2 a6 13.Qe2 e5 14.d5 cxd5 15.cxd5 
Nh5 16.Bd2 f5 17.Rac1 Rf7 18.Na3 Qf8 19.Nc4 Bf6 20.b4 Bd8 21.a4 Nb6 22.Nb2
Nf6 23.a5 Nbd7 24.Nc4 h5 25.Ne3 Nh7 26.exf5 gxf5 27.f4 exf4 28.gxf4 Ndf6 
29.Nxf5 Kh8 30.Nd4 Qg8+ 31.Kh1 Qg4 32.Qe6 Rg7 33.Rg1 Qxe6 34.dxe6 Ng4 35.
Rg2 Rc7 36.Nd5 Rxc1+ 37.Bxc1 Rc8 38.Bb2 Bf6 39.h3 Rc4 40.e7 Bxe7 41.Nxe7 
1-0

[Event "zonal 1.9 (w)"]
[Site "Alushta UKR"]
[Date "1999.??.??"]
[Round "?"]
[White "Lymar, Irina"]
[Black "Abramchuk, Klavdia"]
[Result "1-0"]
[WhiteElo "2305"]
[BlackElo "2170"]
[EventDate "1999.04.27"]
[PlyCount "135"]

1.d4 Nf6 2.Nf3 g6 3.c4 c5 4.d5 b5 5.cxb5 a6 6.b6 Qxb6 7.Nc3 Bg7 8.e4 d6 9.
Nd2 O-O 10.Be2 e5 11.O-O Nfd7 12.f4 f5 13.exf5 gxf5 14.Nc4 Qc7 15.fxe5 
Nxe5 16.Nxe5 Bxe5 17.Bh6 Rf6 18.Qd2 Nd7 19.Bh5 Nb6 20.Qg5+ Kh8 21.Rae1 
Bd4+ 22.Kh1 Bb7 23.Rxf5 Rxf5 24.Qxf5 Bg7 25.Bxg7+ Qxg7 26.Qe4 Rg8 27.Bf3 
Nd7 28.Qe7 Ne5 29.Qxg7+ Kxg7 30.Be4 Rb8 31.Bf5 Rf8 32.g4 a5 33.Kg2 Ba6 34.
Re3 Rb8 35.b3 c4 36.Ne4 cxb3 37.axb3 Nd3 38.Nxd6 Nf4+ 39.Kf2 Nxd5 40.Re5 
Nf6 41.Re7+ Kg8 42.g5 Nh5 43.Rxh7 Ng7 44.Rh3 Nxf5 45.Nxf5 Rb5 46.Rf3 Bb7 
47.Nd6 Bxf3 48.Nxb5 Bd1 49.Nd4 Kg7 50.Kg3 Kg6 51.Kf4 a4 52.bxa4 Bxa4 53.
Nf3 Bc2 54.Nd4 Bb1 55.Kg4 Ba2 56.h4 Bf7 57.h5+ Kh7 58.Nf5 Be8 59.Ng3 Bd7+ 
60.Kf4 Kg7 61.Nf5+ Kf7 62.Ke5 Ba4 63.g6+ Kg8 64.Kf6 Bb3 65.h6 Kh8 66.Nd6 
Bg8 67.Nf7+ Bxf7 68.gxf7 1-0

[Event "zonal 1.9 (w)"]
[Site "Alushta UKR"]
[Date "1999.??.??"]
[Round "?"]
[White "Lymar, Irina"]
[Black "Baklanova, Tatiana"]
[Result "0-1"]
[WhiteElo "2305"]
[BlackElo "2259"]
[EventDate "1999.04.27"]
[PlyCount "62"]

1.d4 f5 2.g3 Nf6 3.Bg2 g6 4.c4 d6 5.Nc3 c6 6.Nh3 e5 7.dxe5 dxe5 8.Qxd8+ 
Kxd8 9.e4 Be6 10.Bg5 Nd7 11.f4 Be7 12.O-O-O Bxc4 13.exf5 gxf5 14.fxe5 Ng4 
15.b3 Bg8 16.Rhe1 Ke8 17.Bf3 Bxg5+ 18.Nxg5 Nxh2 19.Bh5+ Ke7 20.e6 Nf6 21.
Re2 Nxh5 22.Rxh2 Nf6 23.Rf1 Ng4 24.Rh4 Rf8 25.Re1 Rf6 26.Nce4 Rg6 27.Rd1 
fxe4 28.Rd7+ Ke8 29.Rxg4 Bxe6 30.Nxe6 Kxd7 31.Nc5+ Kd6 0-1

[Event "zonal 1.9 (w)"]
[Site "Alushta UKR"]
[Date "1999.??.??"]
[Round "?"]
[White "Lymar, Irina"]
[Black "Dolzhikova, Olga"]
[Result "1/2-1/2"]
[WhiteElo "2305"]
[BlackElo "2213"]
[EventDate "1999.04.27"]
[PlyCount "133"]

1.d4 Nf6 2.Nf3 g6 3.c4 Bg7 4.g3 O-O 5.Bg2 d6 6.O-O c6 7.Nc3 Qa5 8.h3 Be6 
9.Nd2 Qa6 10.d5 cxd5 11.cxd5 Bd7 12.Re1 b5 13.e4 b4 14.Ne2 Ba4 15.Nb3 Nbd7
16.Ned4 Nc5 17.e5 Nfd7 18.exd6 exd6 19.Bf4 Qb6 20.Nc6 Bxb2 21.Bxd6 Rfe8 
22.Rb1 Bc3 23.Re7 Rxe7 24.Bxe7 Re8 25.Nxc5 Bxd1 26.Nxd7 Qc7 27.Rxd1 Qxd7 
28.d6 Kg7 29.Kh2 a6 30.Rd3 Rg8 31.Be4 Qe6 32.Bg2 Qe2 33.Rf3 Qxa2 34.Nxb4 
Bxb4 35.Bf6+ Kh6 36.Rf4 Qa5 37.Rh4+ Qh5 38.Rxb4 g5 39.Rg4 Kg6 40.Be7 Kf5 
41.Be4+ Ke6 42.Bc6 f5 43.Rd4 Qe2 44.Kg2 Rb8 45.Bd5+ Kd7 46.Rc4 Qd3 47.Rc7+
Ke8 48.Bc6+ Kf7 49.Bxg5+ Kg6 50.Bf4 Rb1 51.Be8+ Kf6 52.Rf7+ Ke6 53.Re7+ 
Kd5 54.Bf7+ Kc5 55.Re5+ Kb4 56.g4 Qf1+ 57.Kg3 Qg1+ 58.Kh4 Qxf2+ 59.Kg5 
fxg4 60.d7 Qb6 61.Rd5 Qd8+ 62.Kh5 gxh3 63.Bg5 Qf8 64.d8=Q Qxf7+ 65.Kh4 
Qf2+ 66.Kh5 Qf7+ 67.Kh4 1/2-1/2

[Event "zonal 1.9 (w)"]
[Site "Alushta UKR"]
[Date "1999.??.??"]
[Round "?"]
[White "Lymar, Irina"]
[Black "Sedina, Elena"]
[Result "0-1"]
[WhiteElo "2305"]
[BlackElo "2374"]
[EventDate "1999.04.27"]
[PlyCount "56"]

1.Nf3 Nf6 2.c4 g6 3.Nc3 Bg7 4.g3 O-O 5.Bg2 c6 6.O-O d6 7.d4 Na6 8.h3 e5 9.
e4 Qb6 10.Re1 exd4 11.Nxd4 Re8 12.Re2 Nc5 13.Be3 Qa6 14.b4 Ncxe4 15.Nxe4 
Nxe4 16.b5 Qb6 17.Bxe4 Rxe4 18.Nxc6 Qc7 19.Nb4 Bxh3 20.Nd5 Qd7 21.Bh6 Qg4 
22.Bxg7 Qf3 23.Ne3 Kxg7 24.Qd5 Rae8 25.Rae1 R8e5 26.Qd3 Rxe3 27.fxe3 Qxg3+
28.Kh1 Bg4 0-1

[Event "zonal 1.9 (w)"]
[Site "Alushta UKR"]
[Date "1999.??.??"]
[Round "?"]
[White "Matiushina, Zoya"]
[Black "Abramchuk, Klavdia"]
[Result "1/2-1/2"]
[WhiteElo "2214"]
[BlackElo "2170"]
[EventDate "1999.04.27"]
[PlyCount "114"]

1.e4 d6 2.d4 Nf6 3.Nc3 g6 4.f3 c6 5.Be3 b5 6.Qd2 a6 7.Nge2 Nbd7 8.Bh6 Bxh6
9.Qxh6 Qa5 10.Qd2 Bb7 11.Nc1 c5 12.Nb3 Qc7 13.d5 Ne5 14.a3 e6 15.dxe6 
O-O-O 16.Qg5 Nh5 17.exf7 h6 18.Qh4 d5 19.exd5 Bxd5 20.O-O-O Bxb3 21.cxb3 
Rxd1+ 22.Nxd1 Rd8 23.Qe4 Kb8 24.g3 Nf6 25.Qc2 Qxf7 26.Be2 Nfd7 27.Kb1 Nc6 
28.Bd3 Nd4 29.Qc3 Nxb3 30.Be4 Nd4 31.f4 Re8 32.Qd3 Nf8 33.Nc3 Rd8 34.Re1 
Qe7 35.Rd1 Qe6 36.Bh1 Kc7 37.Qf1 Qf5+ 38.Be4 Qe6 39.Bh1 Qf5+ 40.Be4 Qf7 
41.Qg2 Kb8 42.Bc2 Re8 43.Be4 Nh7 44.Qd2 Nf6 45.Bh1 Ka7 46.Re1 Kb6 47.Re3 
Rxe3 48.Qxe3 Qe6 49.Qxe6+ Nxe6 50.Nd5+ Nxd5 51.Bxd5 Nd8 52.Be4 g5 53.fxg5 
hxg5 54.h4 gxh4 55.gxh4 Nf7 56.Kc2 c4 57.h5 Kc5 1/2-1/2

[Event "zonal 1.9 (w)"]
[Site "Alushta UKR"]
[Date "1999.??.??"]
[Round "?"]
[White "Matiushina, Zoya"]
[Black "Baklanova, Tatiana"]
[Result "0-1"]
[WhiteElo "2214"]
[BlackElo "2259"]
[EventDate "1999.04.27"]
[PlyCount "60"]

1.e4 e6 2.d4 d5 3.Nc3 dxe4 4.Nxe4 Nd7 5.Nf3 Ngf6 6.Nxf6+ Nxf6 7.Bd3 c5 8.
dxc5 Bxc5 9.Bg5 Qb6 10.O-O Qxb2 11.Qe2 Qb6 12.Rab1 Qc7 13.Bxf6 gxf6 14.Be4
Rb8 15.Rfe1 Kf8 16.Rb3 b6 17.Qd2 h6 18.Nd4 Bxd4 19.Qxd4 e5 20.Qb2 Be6 21.
Ra3 Qe7 22.Rd1 Rc8 23.h3 f5 24.Bd3 Rg8 25.Ra4 f6 26.Qc1 f4 27.Kh2 Rg7 28.
Re1 Qc5 29.Qd2 Kg8 30.Qe2 Qc6 0-1

[Event "zonal 1.9 (w)"]
[Site "Alushta UKR"]
[Date "1999.??.??"]
[Round "?"]
[White "Matiushina, Zoya"]
[Black "Lymar, Irina"]
[Result "0-1"]
[WhiteElo "2214"]
[BlackElo "2305"]
[EventDate "1999.04.27"]
[PlyCount "70"]

1.e4 c5 2.Nf3 e6 3.d4 cxd4 4.Nxd4 a6 5.Bd3 Qc7 6.O-O Nc6 7.Nxc6 bxc6 8.c4 
Nf6 9.Nc3 c5 10.Qe2 d6 11.Bg5 Be7 12.f4 h6 13.Bh4 Nd7 14.Bxe7 Kxe7 15.Qg4 
Bb7 16.Rad1 Rag8 17.Rf2 g5 18.f5 h5 19.Qe2 Ne5 20.Qe1 h4 21.Rfd2 h3 22.Be2
hxg2 23.Rxd6 exf5 24.Nd5+ Bxd5 25.R1xd5 f4 26.Bg4 Rd8 27.Rxd8 Rxd8 28.Qd1 
Nxc4 29.Qc1 Ne3 30.Rxc5 Qb6 31.Be2 Rd2 32.Qc3 Rxe2 33.Qe5+ Kd7 34.Qd4+ Qd6
35.Qa4+ Ke7 0-1

[Event "zonal 1.9 (w)"]
[Site "Alushta UKR"]
[Date "1999.??.??"]
[Round "?"]
[White "Matiushina, Zoya"]
[Black "Zhukova, Natalia"]
[Result "0-1"]
[WhiteElo "2214"]
[BlackElo "2456"]
[EventDate "1999.04.27"]
[PlyCount "150"]

1.e4 d5 2.exd5 Qxd5 3.Nc3 Qa5 4.d4 c6 5.Nf3 Nf6 6.Bc4 Bf5 7.Bd2 e6 8.Bb3 
Bb4 9.a3 Bxc3 10.Bxc3 Qc7 11.Ne5 Nbd7 12.Nxd7 Qxd7 13.f3 O-O 14.O-O Rfd8 
15.Qe2 Qc7 16.Rad1 Rd7 17.Qe5 Qd8 18.Qe2 b5 19.a4 Rb8 20.axb5 cxb5 21.Qe1 
Bg6 22.Ba5 Qc8 23.c3 Qc6 24.Qe5 Ra8 25.Qe3 h6 26.Ra1 Nd5 27.Bxd5 Rxd5 28.
Bb4 Rh5 29.Ra5 Qc7 30.f4 Qc6 31.Qe2 a6 32.Rfa1 Rf5 33.g3 Rh5 34.Re1 Rd5 
35.Qg2 Qc4 36.Rea1 Qd3 37.Qf1 Qc2 38.Qf2 Qf5 39.Bc5 Kh7 40.Qf1 Qc2 41.Qf2 
Qf5 42.Qf1 Qc2 43.Qf2 Qe4 44.Qg2 Qf5 45.Qf1 Rc8 46.Rxa6 Rcxc5 47.dxc5 Rd2 
48.b4 Qh5 49.h3 Bd3 50.g4 Qd5 51.Rd6 Qc4 52.Rxd3 Rxd3 53.Rc1 Qe4 54.Re1 
Qd5 55.Qg2 Qd8 56.Qe4+ g6 57.Re3 Rd1+ 58.Kg2 Qd2+ 59.Re2 Qxc3 60.g5 Rd3 
61.Qb7 Kg7 62.gxh6+ Kxh6 63.Qe4 Rxh3 64.Kf1 Qg3 65.Rf2 f5 66.Qd4 Kh5 67.
Qh8+ Kg4 68.Qe5 Qd3+ 69.Kg2 Qg3+ 70.Kf1 Rh1+ 71.Ke2 Qg1 72.Qd4 Qe1+ 73.Kd3
Qb1+ 74.Ke2 Re1+ 75.Kd2 Rd1+ 0-1